Objective Physics for NEET 2021: National Eligibility Cum Entrance Test/ (Record no. 178601)

MARC details
000 -LEADER
fixed length control field 00830nam a22002297a 4500
005 - DATE AND TIME OF LATEST TRANSACTION
control field 20210407154055.0
010 ## - LCCN (DPL NO)
LC control number ENG-129386-87
020 ## - INTERNATIONAL STANDARD BOOK NUMBER
Terms of availability 550.00 (Vol 1)
International Standard Book Number 978-93-903-9469-2
020 ## - INTERNATIONAL STANDARD BOOK NUMBER
Terms of availability 499.00 (Vol 2)
International Standard Book Number 978-93-903-9472-2
035 ## - SYSTEM CONTROL NUMBER
System control number EN-112918 (Vol 1)
035 ## - SYSTEM CONTROL NUMBER
System control number EN-112919 (Vol 2)
037 ## - SOURCE OF ACQUISITION
Source of stock number/acquisition DBAD/PUB
082 ## - DEWEY DECIMAL CLASSIFICATION NUMBER
Classification number 530
100 ## - MAIN ENTRY--PERSONAL NAME
Personal name Abhay Kumar
245 ## - TITLE STATEMENT
Title Objective Physics for NEET 2021: National Eligibility Cum Entrance Test/
Remainder of title Abhay Kumar
250 ## - EDITION STATEMENT
Edition statement 5th
260 ## - PUBLICATION, DISTRIBUTION, ETC. (IMPRINT)
Place of publication, distribution, etc Noida
Name of publisher, distributor, etc Pearson
Date of publication, distribution, etc 2021
270 ## - ADDRESS
Address 15th floor,Tower-B,Word Trade Tower,Plot no.1,Block-C sec 16,
City Noida
Postal code 201301
Telephone number 04466540100
Electronic mail address companysecretary.india@pearson.com
300 ## - PHYSICAL DESCRIPTION
Extent Various Pages.
Dimensions 25cm(pbk)
Other physical details including graphs, tables, and illustrations.
500 ## - GENERAL NOTE
General note 2 volume set
942 ## - ADDED ENTRY ELEMENTS (KOHA)
Source of classification or shelving scheme Dewey Decimal Classification
Item type English Books
Classification part 530
Call number suffix ABH
Holdings
Withdrawn status Lost status Materials specified (bound volume or other part) Not for loan Collection code Home library Current library Date acquired Source of acquisition Cost, normal purchase price Full call number Barcode Copy number Cost, replacement price Koha item type
    Vol. 1   Non-fiction Bawana Bawana 07/04/2021 DBAD/PUB 550.00 530 ABH EN-112918 1 550.00 English Books
    Vol. 2   Non-fiction Bawana Bawana 07/04/2021 DBAD/PUB 499.00 530 ABH EN-112919 1 499.00 English Books

© Delhi Public Library
Hit Counter
free hit counter